Food packaging: principles and practice

Uloženo v:
Podrobná bibliografie
Hlavní autor: Robertson, Gordon L (Autor)
Médium: Kniha
Jazyk:angličtina
Vydáno: Boca Ratón CRC Press 2013
Vydání:3a. ed
Témata:
Tagy: Přidat tag
Žádné tagy, Buďte první, kdo vytvoří štítek k tomuto záznamu!

MARC

LEADER 00000cam a2200000 a 4500
001 UCF7655
003 CL-VaPUC
008 130704e20130000US |||||||||||||||||eng|d
020 |a 9781439862414 
082 0 4 |a 664.09  |b ROB  |2 21 
100 0 |a Robertson, Gordon L  |e author  |9 569731 
245 1 0 |a Food packaging: principles and practice 
250 |a 3a. ed 
300 |a 703 p 
942 |c BK 
945 |d 20130704 00:00:00  |a cmena 
260 |a Boca Ratón  |b CRC Press  |c 2013 
650 7 |a EMPAQUE DE ALIMENTOS  |2 CL-VaPUC  |9 569732 
650 7 |a TECNOLOGIA DE ALIMENTOS  |2 CL-VaPUC  |9 569733 
650 7 |a ENVASES  |2 CL-VaPUC  |9 341877 
583 |a last modification  |c 20130704 11:43:00  |k Rodrigo Vera 
999 |c 352459  |d 352457 
952 |0 0  |1 0  |4 0  |6 664_090000000000000_ROB_2013  |7 0  |8 A  |9 456988  |a BIBALI  |b BIBALI  |c GEN  |d 2019-11-22  |i 4988515  |l 3  |o 664.09 ROB 2013  |p 4988515  |r 2025-01-20  |s 2024-06-03  |w 2019-11-22  |y BK  |k ALI